अमेरिकेचे अध्यक्ष आले तेव्हाची गोष्ट : (Record no. 54193)

MARC details
000 -LEADER
fixed length control field 01255nam a22002537a 4500
005 - DATE AND TIME OF LATEST TRANSACTION
control field 20110721103311.0
008 - FIXED-LENGTH DATA ELEMENTS--GENERAL INFORMATION
fixed length control field 110721t xxu||||| |||| 00| 0 mar d
010 ## - LCCN (DPL NO)
LC control number MAR-21115
020 ## - INTERNATIONAL STANDARD BOOK NUMBER
Terms of availability 110.00
035 ## - SYSTEM CONTROL NUMBER
System control number MR-13773
037 ## - SOURCE OF ACQUISITION
Source of stock number/acquisition DBAD/PUB
040 ## - CATALOGING SOURCE
Original cataloging agency DPL
Language of cataloging MR
082 ## - DEWEY DECIMAL CLASSIFICATION NUMBER
Classification number 891.46301
100 ## - MAIN ENTRY--PERSONAL NAME
9 (RLIN) 29792
Personal name तिळवे,श्रीधर
245 ## - TITLE STATEMENT
Title अमेरिकेचे अध्यक्ष आले तेव्हाची गोष्ट :
Statement of responsibility, etc श्रीधर तिळवे
Remainder of title काही रफ काही टफ /
246 ## - VARYING FORM OF TITLE
Title proper/short title Americache Adhyaksha Aale Tenvanchi Gosta
Remainder of title by Sridhar Tilve
260 ## - PUBLICATION, DISTRIBUTION, ETC. (IMPRINT)
Place of publication, distribution, etc मुंबई
Name of publisher, distributor, etc नवता
Date of publication, distribution, etc 2011
270 ## - ADDRESS
Address 602,आदित्य अरपार्टमेंट,आशानगर,कांदिवली(पूर्व)
City मुंबई
Postal code 400101
300 ## - PHYSICAL DESCRIPTION
Extent 111पृ
Dimensions 22सेमी(अजिल्द)
650 ## - SUBJECT ADDED ENTRY--TOPICAL TERM
Topical term or geographic name as entry element मराठी कथासंग्रह
9 (RLIN) 30871
650 ## - SUBJECT ADDED ENTRY--TOPICAL TERM
Topical term or geographic name as entry element Marathi Short Stories
9 (RLIN) 30872
942 ## - ADDED ENTRY ELEMENTS (KOHA)
Source of classification or shelving scheme Dewey Decimal Classification
Item type Marathi Books
Call number suffix तिळवे
Classification part 891.46301
Holdings
Withdrawn status Lost status Source of classification or shelving scheme Damaged status Not for loan Collection code Home library Current library Date acquired Source of acquisition Cost, normal purchase price Total Checkouts Full call number Barcode Date last seen Copy number Cost, replacement price Koha item type
    Dewey Decimal Classification   Not For Loan Non-fiction D.B.Act.Division D.B.Act.Division 21/07/2011 DBAD / PUB 110.00   891.46301तिळवे MR-13773 21/07/2011 1 110.00 Marathi Books

© Delhi Public Library
Hit Counter
free hit counter